| 000 | 00785nam a2200253 i 4500 | ||
|---|---|---|---|
| 001 | bg | ||
| 100 | 1 |
_aKURYŁOWICZ, Marek _d(1944- ) |
|
| 245 | 1 | 0 |
_aSłownik terminów, zwrotów i sentencji prawniczych : _błacińskich oraz pochodzenia łacińskiego / _cMarek Kuryłowicz. |
| 260 |
_aKraków : _b"Zakamycze", _c1998. |
||
| 300 |
_a154, [1] s. ; _c21 cm. |
||
| 650 | 9 | _aAforyzmy łacińskie | |
| 650 | 9 |
_aPrawo _xterminologia |
|
| 650 | 9 | _aSłownik łacińsko-polski | |
| 650 | 9 |
_aSłownik polski _xwyrazy obce |
|
| 655 | _aSłowniki | ||
| 655 | _aAntologie | ||
| 020 | _a8372110417 | ||
| 040 | _cBPK | ||
| 041 | 0 | _apl | |
| 080 | _a34(038)=124=162.1+821.124-84+811.162.1'373.45'374 | ||
| 920 | _a83-7211-041-7 | ||
| 942 | _cKS | ||
| 008 | s pl f |000 0 pol | ||
| 999 |
_c34559 _d34559 |
||